[Event "Edinburgh Allegro op"]
[Site "Edinburgh"]
[Date "2023.08.05"]
[Round "5"]
[White "Antunes, Andre Serigado Mira"]
[Black "Theagarajan, Eswar"]
[Result "0-1"]
[WhiteElo "1898"]
[BlackElo "1386"]
[PlyCount "41"]
[EventDate "2023.08.05"]
[EventType "swiss (rapid)"]
[EventRounds "5"]
[EventCountry "SCO"]
[SourceTitle "CBM 215 Extra"]
[Source "ChessBase"]
[SourceDate "2023.09.30"]
[SourceVersion "1"]
[SourceVersionDate "2023.09.30"]
[SourceQuality "1"]

1. d4 Nf6 2. c4 e5 3. dxe5 Ng4 4. e4 d6 5. exd6 Bxd6 6. Nf3 0-0 7. Bd3 f5 8. 0-0 fxe4 9. Bxe4 Rxf3 10. Qxf3 Bxh2+ 11. Kh1 Bd6 12. g3 Nc6 13. Bxc6 bxc6 14. Bf4 Qe8 15. Kg2 Bc5 16. Nc3 Rb8 17. Rae1 Qh5 18. Rh1 Qf7 19. Qxc6 Bb7 20. Re8+ Qxe8 21. Qf3 0-1

[Event "Edinburgh Allegro op"]
[Site "Edinburgh"]
[Date "2023.08.05"]
[Round "4"]
[White "Theagarajan, Eswar"]
[Black "Irving, Neil"]
[Result "1-0"]
[WhiteElo "1386"]
[BlackElo "1804"]
[PlyCount "75"]
[EventDate "2023.08.05"]
[EventType "swiss (rapid)"]
[EventRounds "5"]
[EventCountry "SCO"]
[SourceTitle "CBM 215 Extra"]
[Source "ChessBase"]
[SourceDate "2023.09.30"]
[SourceVersion "1"]
[SourceVersionDate "2023.09.30"]
[SourceQuality "1"]

1. d4 e6 2. e4 d5 3. e5 c5 4. f4 cxd4 5. Nf3 Nc6 6. Nxd4 Nge7 7. Nxc6 Nxc6 8. Be3 Be7 9. Bd3 Nb4 10. 0-0 Nxd3 11. Qxd3 0-0 12. Nd2 Bd7 13. Nf3 a6 14. Qb3 Bb5 15. Rf2 Qd7 16. Rd1 Rac8 17. f5 Bc4 18. Qb6 Rc6 19. fxe6 fxe6 20. Qd4 a5 21. Qg4 Kh8 22. Nd4 Rxf2 23. Bxf2 Ra6 24. b3 Bb5 25. a4 Bc6 26. Qxe6 Bxa4 27. Qf7 Qg4 28. Rd3 Qg5 29. Be3 Qxe5 30. bxa4 Rf6 31. Qe8+ Rf8 32. Qd7 Bg5 33. Qh3 Qf6 34. Qf3 Qd6 35. Qe2 Re8 36. Qd2 Rxe3 37. Rxe3 Qe5 38. Rxe5 1-0